[Event "Zwettl op"]
[Site "Zwettl"]
[Date "2012.07.27"]
[Round "7"]
[White "Goigitzer, Kurt"]
[Black "Illner, Gerhard"]
[Result "0-1"]
[WhiteElo "1647"]
[BlackElo "2035"]
[PlyCount "42"]
[EventDate "2012.07.21"]
[EventType "swiss"]
[EventRounds "9"]
[EventCountry "AUT"]
[SourceTitle "CBM 149 Extra"]
[Source "ChessBase"]
[SourceDate "2012.08.24"]
[SourceVersion "1"]
[SourceVersionDate "2012.08.24"]
[SourceQuality "1"]

1. c4 Nf6 2. d4 e6 3. Nc3 d5 4. e3 b6 5. Nf3 Bb7 6. Ne5 Be7 7. Qf3 0-0 8. Bd3 c5 9. cxd5 exd5 10. h4 Nc6 11. Nxc6 Bxc6 12. g4 Re8 13. g5 Ne4 14. Kf1 Bf8 15. Qh5 Qd7 16. Rg1 Rac8 17. Nxe4 dxe4 18. Bc4 Bd5 19. g6 Bxc4+ 20. Ke1 fxg6 21. Qg5 cxd4 0-1

[Event "Zwettl op"]
[Site "Zwettl"]
[Date "2012.07.21"]
[Round "1"]
[White "Schneider, Wolfgang"]
[Black "Illner, Gerhard"]
[Result "0-1"]
[WhiteElo "1233"]
[BlackElo "2035"]
[PlyCount "86"]
[EventDate "2012.07.21"]
[EventType "swiss"]
[EventRounds "9"]
[EventCountry "AUT"]
[SourceTitle "CBM 149 Extra"]
[Source "ChessBase"]
[SourceDate "2012.08.24"]
[SourceVersion "1"]
[SourceVersionDate "2012.08.24"]
[SourceQuality "1"]

1. e4 c5 2. d3 Nc6 3. Nf3 g6 4. c3 Bg7 5. d4 b6 6. e5 Bb7 7. Be3 Rc8 8. dxc5 bxc5 9. Bxc5 Nxe5 10. Nxe5 Rxc5 11. Nd3 Rc6 12. f3 Nh6 13. Be2 Nf5 14. Qc1 Bh6 15. Nd2 Qb6 16. Nf2 Re6 17. Qc2 Ne3 18. Qd3 Nxg2+ 19. Kf1 Nf4 20. Qd4 Qxd4 21. cxd4 Nxe2 22. Rd1 Nxd4 23. Kg2 Bxd2 24. Rxd2 Nxf3 25. Rdd1 Ng5+ 26. Kg3 Bxh1 27. Rxh1 Ne4+ 28. Kg2 Nxf2 29. Kxf2 Rc6 30. Rb1 f5 31. a3 e5 32. b4 Ke7 33. b5 Rc2+ 34. Kg1 Rhc8 35. Rb3 Ra2 36. Rb1 e4 37. a4 f4 38. a5 e3 39. b6 axb6 40. axb6 d5 41. b7 Rb8 42. h4 Ke6 43. Kf1 f3 0-1

[Event "AUT-ch Seniors"]
[Site "Spitz am Donau"]
[Date "2011.10.05"]
[Round "2"]
[White "Gruber, Johann"]
[Black "Illner, Gerhard"]
[Result "1/2-1/2"]
[WhiteElo "1649"]
[BlackElo "2038"]
[PlyCount "66"]
[EventDate "2011.10.04"]
[EventType "swiss"]
[EventRounds "9"]
[EventCountry "AUT"]
[SourceTitle "CBM 144 Extra"]
[Source "ChessBase"]
[SourceDate "2011.10.28"]
[SourceVersion "1"]
[SourceVersionDate "2011.10.28"]
[SourceQuality "1"]

1. d4 Nf6 2. c4 e6 3. Nc3 d5 4. Nf3 Be7 5. e3 b6 6. cxd5 exd5 7. Bd3 Bb7 8. 0-0 0-0 9. Qc2 c5 10. b3 Nc6 11. a3 Rc8 12. Bb2 cxd4 13. Nxd4 Nxd4 14. exd4 Bd6 15. Qd1 a6 16. Ne2 Re8 17. Ng3 Rc7 18. Nf5 Bf8 19. Qf3 Ne4 20. Rfd1 Qf6 21. g3 Ng5 22. Qg2 Bc8 23. h4 Ne4 24. Ne3 Bb7 25. Ng4 Qd8 26. Rac1 Bd6 27. Ne5 Nf6 28. Qf3 Bc8 29. Rxc7 Bxc7 30. Bf5 Bxf5 31. Qxf5 Qe7 32. Re1 Ne4 33. Kg2 f6 1/2-1/2

[Event "EU-chT Seniors 11th"]
[Site "Velden"]
[Date "2009.04.06"]
[Round "2"]
[White "Roth, Peter"]
[Black "Illner, Gerhard"]
[Result "1-0"]
[WhiteElo "2219"]
[BlackElo "2023"]
[PlyCount "71"]
[EventDate "2009.04.05"]
[EventType "team-swiss"]
[EventRounds "9"]
[EventCountry "AUT"]
[SourceTitle "CBM 129 Extra"]
[Source "ChessBase"]
[SourceDate "2009.05.05"]
[SourceVersion "2"]
[SourceVersionDate "2009.05.20"]
[SourceQuality "1"]

1. e4 e6 2. d4 d5 3. Nc3 Nf6 4. Bg5 dxe4 5. Nxe4 Be7 6. Bxf6 Bxf6 7. Nf3 b6 8. c3 Bb7 9. Bd3 Nd7 10. Qe2 a6 11. 0-0-0 Qe7 12. Kb1 b5 13. Rhe1 Bd5 14. Qe3 0-0 15. Qf4 Rac8 16. h4 g6 17. h5 c5 18. dxc5 Bxe4 19. Bxe4 Nxc5 20. Bc2 a5 21. hxg6 fxg6 22. Qd6 Qg7 23. Bb3 b4 24. Bxe6+ Nxe6 25. Qxe6+ Qf7 26. cxb4 axb4 27. Rd7 Qxe6 28. Rxe6 Rc4 29. Nd2 Rf4 30. f3 Rc8 31. Ne4 Bd8 32. Re8+ Rf8 33. Rxf8+ Kxf8 34. Rxh7 Rc6 35. Rh1 b3 36. axb3 1-0

[Event "EU-chT Seniors 11th"]
[Site "Velden"]
[Date "2009.04.05"]
[Round "1"]
[White "Illner, Gerhard"]
[Black "Wernig, Klaus"]
[Result "1/2-1/2"]
[WhiteElo "2023"]
[BlackElo "1961"]
[PlyCount "31"]
[EventDate "2009.04.05"]
[EventType "team-swiss"]
[EventRounds "9"]
[EventCountry "AUT"]
[SourceTitle "CBM 129 Extra"]
[Source "ChessBase"]
[SourceDate "2009.05.05"]
[SourceVersion "2"]
[SourceVersionDate "2009.05.20"]
[SourceQuality "1"]

1. d4 Nf6 2. Nf3 g6 3. e3 Bg7 4. Bd3 d6 5. Nbd2 Nbd7 6. 0-0 0-0 7. c3 e5 8. dxe5 Nxe5 9. Nxe5 dxe5 10. Qe2 Nd5 11. Bc4 Be6 12. Bxd5 Qxd5 13. e4 Qd7 14. Nf3 Rad8 15. Bg5 f6 16. Rfd1 1/2-1/2

[Event "Waldviertler-ch"]
[Site "Litschau"]
[Date "2005.06.12"]
[Round "5"]
[White "Illner, Gerhard"]
[Black "Orsario, Wolfgang"]
[Result "1-0"]
[WhiteElo "1960"]
[BlackElo "1774"]
[PlyCount "87"]
[EventDate "2005.06.09"]
[EventType "swiss"]
[EventRounds "5"]
[EventCountry "AUT"]
[SourceTitle "EXT 2006"]
[Source "ChessBase"]
[SourceDate "2005.11.24"]
[SourceVersion "1"]
[SourceVersionDate "2005.11.24"]
[SourceQuality "1"]

1. Nf3 Nf6 2. d4 d5 3. c4 c6 4. Nc3 e6 5. Bg5 Nbd7 6. e3 Qa5 7. Bxf6 Nxf6 8. Nd2 Bd6 9. Qc2 0-0 10. Be2 Bd7 11. f4 Rac8 12. c5 Bb8 13. 0-0 Qd8 14. b4 b6 15. Rf3 Ng4 16. Rh3 Nh6 17. g4 f6 18. Kh1 Be8 19. Bd3 f5 20. gxf5 exf5 21. Nf3 Bg6 22. Rg1 Rf6 23. Ne2 Qe8 24. Ne5 Rc7 25. Ng3 Kh8 26. Qe2 Re7 27. Nh5 Rfe6 28. Rg5 Qf8 29. Qf2 Kg8 30. Be2 Bxe5 31. fxe5 Rf7 32. Nf4 Ng4 33. Qh4 Rfe7 34. Rf3 a5 35. Nxe6 Rxe6 36. Rxg4 axb4 37. cxb6 c5 38. dxc5 Qxc5 39. Rxg6 hxg6 40. Qd8+ Kf7 41. b7 Qc1+ 42. Rf1 Qxe3 43. b8Q Rxe5 44. Qf8+ 1-0

[Event "Waldviertler-ch"]
[Site "Litschau"]
[Date "2005.06.11"]
[Round "3"]
[White "Illner, Gerhard"]
[Black "Zwettler, Martin"]
[Result "0-1"]
[WhiteElo "1960"]
[BlackElo "2204"]
[PlyCount "62"]
[EventDate "2005.06.09"]
[EventType "swiss"]
[EventRounds "5"]
[EventCountry "AUT"]
[SourceTitle "EXT 2006"]
[Source "ChessBase"]
[SourceDate "2005.11.24"]
[SourceVersion "1"]
[SourceVersionDate "2005.11.24"]
[SourceQuality "1"]

1. d4 Nf6 2. Nf3 c5 3. e3 e6 4. c3 b6 5. Qa4 Bb7 6. Nbd2 Be7 7. Bd3 0-0 8. 0-0 cxd4 9. exd4 d6 10. Re1 Nbd7 11. Qc2 Qc7 12. Ne4 Nxe4 13. Bxe4 Nf6 14. Bxb7 Qxb7 15. Bg5 Rac8 16. Qe2 Rc7 17. Rad1 Rfc8 18. Nd2 b5 19. a3 a5 20. Bxf6 Bxf6 21. Ne4 Be7 22. Qh5 d5 23. Nd2 b4 24. axb4 axb4 25. Nb1 bxc3 26. bxc3 g6 27. Qe5 Rc6 28. f4 Qc7 29. Qe3 Bd6 30. Rf1 Rb8 31. Rd3 Bxf4 0-1